000 00724nam a2200253Ia 4500
003 OSt
005 20220918165535.0
006 a|||||r|||| 00| 0
007 ta
008 220917b |||||||| |||| 00| 0 eng d
020 _a8125029087 (hbk)
024 _a232,245
037 _cTextual
040 _aARTS
_cARTS
_beng
041 _2eng
_aeng
082 _aND44,9(Q), P7 (TTW)-;1
100 _aDavis Richard H. Ed.
_924663
245 0 _aPicturing the nations
_b Iconographies of modern India
260 _aNew Delhi
_bOrient Longman India
_c2007
300 _axii,274p.
_ccm.
650 _aARTS
942 _hND44,9(Q), P7 (TTW)-;1
_cTEXL
_2CC
999 _c130274
_d130274